000 00453nam a2200169 a 4500
001 1073
003 CO-ViMGA
008 141112s2004 ck r 000 u spa d
040 _aCO-ViMGA
_bspa
_cCO-ViMGA
082 0 4 _aCo863.44 E764c
100 1 _aEspinosa, Germán
245 1 0 _aLos cortejos del diablo :
_bbalada de tiempos de brujas
260 _aBogotá :
_bAltamir,
_c1970
300 _a214 p
650 1 4 _aNOVELA COLOMBIANA
_91193
942 _2ddc
_cBK
999 _c13297
_d13297